Roald Dahl Book Characters - Statistics

General Stats
  • This quiz has been taken 298 times
  • The average score is 7 of 12
Answer Stats
Hint Answer % Correct
Loves to read books Matilda
95%
Boss of a huge factory Willy wonka
91%
Last person to win the golden ticket Charlie
84%
Makes strange dose for his grandmother George
82%
Meets insects in a Huge fruit James
76%
Always angry and eats bird pie Mr. Twit
54%
Pheasant poaching mastermind Danny
52%
Sneeky animal with brilliant plans Fantastic Mr. Fox
48%
He collects dreams The bfg
45%
Matilda's teacher Ms. Honey
35%
Leader of all witches Grand high witch
33%
Hates children and scares everyone Ms. Trunchbull
25%
No matching quizzes found
Score Distribution
Percent of People with Each Score
Percentile by Number Answered
Your Score History
You have not taken this quiz